| 000 | 00406nam a2200169 i 4500 | ||
|---|---|---|---|
| 001 | bg | ||
| 100 | 1 | _aKOZDROWICZ, Tomasz | |
| 245 | 0 |
_aIBM PC i PC DOS / _cT. Kozdrowicz. |
|
| 260 |
_aWarszawa : _bWydawnictwa Komunikacji i Łączności, _c1988. |
||
| 630 | 0 | 9 | _aDOS |
| 650 | 9 | _aKomputery | |
| 040 | _cBPK | ||
| 041 | _apol | ||
| 080 | _a004 | ||
| 942 | _cKS | ||
| 008 | s pl f |000 0 pol | ||
| 999 |
_c3714 _d3714 |
||
| 856 |
_uhttp://koha.tu.koszalin.pl/cgi-bin/koha/opac-detail.pl?biblionumber=3714 _yKatalog online BPK |
||